| 000 | 01314nam a22003617a 4500 | ||
|---|---|---|---|
| 003 | CHAP | ||
| 005 | 20220329135851.0 | ||
| 008 | 971013s1980 r 00010 d | ||
| 010 | _a43523 | ||
| 011 | _a44495 | ||
| 035 | _a48633 | ||
| 040 | _cCHAP | ||
| 090 | _aTesis | ||
| 100 | 0 | 0 |
_aFuente Medina, María Magdalena de la. _943806 |
| 245 | _aComportamiento del Bluestem Kleberg (Andropogon annulatus R.) Bluestem King Ranch (Andropogon ischaemum L.), panizo (Chloris gayana L.) en condiciones de temporal | ||
| 260 |
_aMonterrey, N.L. : _bEl autor, _c1980 |
||
| 300 | _a47 h. | ||
| 502 | _aTesis (Ing. Agr. Zootecnista) -- ITESM. Div. de Ciencias Agropecuarias y Marítimas | ||
| 590 |
_aALEPH _b10 _c20130110 _lUCH01 _h1312 |
||
| 590 |
_aBATCH-UPD _b10 _c20130109 _lUCH01 _h2338 |
||
| 590 |
_aBATCH-UPD _b10 _c20130110 _lUCH01 _h2053 |
||
| 590 |
_aBATCH-UPD _b10 _c20130409 _lUCH01 _h1907 |
||
| 590 |
_aBATCH-UPD _b10 _c20130410 _lUCH01 _h1406 |
||
| 590 |
_aBATCH-UPD _b10 _c20130914 _lUCH01 _h0330 |
||
| 590 |
_aCONVERSION _b10 _c20130109 _lUCH01 _h1324 |
||
| 650 | 1 | 4 |
_aAndropogonáceas. _95729 |
| 650 | 1 | 4 |
_aPanicum antidotale. _985102 |
| 650 | 1 | 4 |
_aPastos _xEfecto del medio ambiente. _986022 |
| 650 | 1 | 4 |
_aZacate Rhodes. _9123398 |
| 901 | _aBK | ||
| 942 | _cTESIS | ||
| 949 |
_bBC _cTES _d-110034 _eTS1 _i48633 _si |
||
| 999 |
_c43523 _d43523 |
||